رقعات ِ رشید صدیقی : (Record no. 106964)

MARC details
000 -LEADER
fixed length control field 01007nam a22002537a 4500
005 - DATE AND TIME OF LATEST TRANSACTION
control field 20170123162319.0
010 ## - LIBRARY OF CONGRESS CONTROL NUMBER
LC control number A-497111
020 ## - INTERNATIONAL STANDARD BOOK NUMBER
Terms of availability 30.00
035 ## - SYSTEM CONTROL NUMBER
System control number A-497111
037 ## - SOURCE OF ACQUISITION
Source of stock number/acquisition Cen Lib/Ret
040 ## - CATALOGING SOURCE
Original cataloging agency DPL
Language of cataloging UR
082 ## - DEWEY DECIMAL CLASSIFICATION NUMBER
Classification number 846
Item number ص د ی
245 ## - TITLE STATEMENT
Title رقعات ِ رشید صدیقی :
Statement of responsibility, etc مرتب مسعود حسین
Remainder of title پروفسور رشید احمد صدیقی کے خطوط پروفیسر مسعود حسین کے نام /
246 ## - VARYING FORM OF TITLE
Title proper/short title Raqaat Rasheed SIdiqi : professor Rasheed Ahmad Sidiqi ke khatoot professor Masood Husain ke name /
Remainder of title edited by Masood Husian
260 ## - PUBLICATION, DISTRIBUTION, ETC. (IMPRINT)
Place of publication, distribution, etc پٹنہ
Name of publisher, distributor, etc خدا بخش اورینٹڈ پبلک لائبریری
Date of publication, distribution, etc 1988
270 ## - ADDRESS
Address مومن پورا
City پٹنہ
300 ## - PHYSICAL DESCRIPTION
Extent 313p.
Dimensions 21cm(Hb)
650 ## - SUBJECT ADDED ENTRY--TOPICAL TERM
Topical term or geographic name as entry element اردو ادب
9 (RLIN) 116272
650 ## - SUBJECT ADDED ENTRY--TOPICAL TERM
Topical term or geographic name as entry element اردوخطوط
9 (RLIN) 592
650 ## - SUBJECT ADDED ENTRY--TOPICAL TERM
Topical term or geographic name as entry element Urdu literature
9 (RLIN) 116273
650 ## - SUBJECT ADDED ENTRY--TOPICAL TERM
Topical term or geographic name as entry element Urdu posts
9 (RLIN) 109318
700 ## - ADDED ENTRY--PERSONAL NAME
Personal name مسعود حسین
9 (RLIN) 116274
942 ## - ADDED ENTRY ELEMENTS (KOHA)
Source of classification or shelving scheme Dewey Decimal Classification
Koha item type Urdu Bks
Classification part 841
Call number suffix ص د ی
Holdings
Withdrawn status Lost status Damaged status Not for loan Home library Current library Date acquired Source of acquisition Cost, normal purchase price Total Checkouts Full call number Barcode Date last seen Copy number Cost, replacement price Price effective from Koha item type
        Central Library Central Library 01/01/2016 Cen Lib/Ret 30.00   846 ص د ی A-497111 01/01/2016 1 30.00 01/01/2016 Urdu Bks

© Delhi Public Library
Hit Counter
free hit counter